2209-可児市(岐阜県)の駅 - Statistics

General Stats
  • This quiz has been taken 13 times
  • The average score is 5 of 7
Answer Stats
Answer % Correct
可児
100%
新可児
100%
西可児
85%
可児川
77%
日本ライン今渡
77%
明智
69%
下切
38%
No matching quizzes found
Score Distribution
Percent of People with Each Score
Percentile by Number Answered
Your Score History
You have not taken this quiz